|
|
|
|
| LEADER |
00935nam a2200253 a 4500 |
| 001 |
2368122 |
| 008 |
100228s1984 maua b 001 0 eng d |
| 010 |
|
|
|a \\\84009091
|
| 020 |
|
|
|a 0674765257 :
|c $29.50
|
| 040 |
|
|
|a DLC
|c DLC
|d DLC
|d BD-DhAAL
|
| 082 |
0 |
0 |
|a 338.9
|2 19
|
| 100 |
1 |
|
|a Sen, Amartya,
|d 1933-
|
| 245 |
1 |
0 |
|a Resources, values, and development /
|c Amartya Sen.
|
| 260 |
|
|
|a Cambridge, Mass. :
|b Harvard University Press,
|c 1984.
|
| 300 |
|
|
|a viii, 547 p. :
|b ill. ;
|c 24 cm.
|
| 504 |
|
|
|a Includes bibliographies and indexes.
|
| 541 |
1 |
|
|e 00004013
|
| 650 |
|
0 |
|a Economic development.
|
| 650 |
|
0 |
|a Resource allocation.
|
| 650 |
|
0 |
|a Welfare economics.
|
| 650 |
|
0 |
|a Social values.
|
| 852 |
4 |
|
|a Ayesha Abed Library
|j General Shelf
|
| 999 |
|
|
|c 7678
|d 7678
|
| 952 |
|
|
|0 0
|1 0
|2 ddc
|4 0
|6 338_900000000000000_SEN_1984
|7 0
|9 8407
|a BRACUL
|b BRACUL
|c GEN
|d 2010-02-28
|g 0.00
|l 0
|o 338.9 SEN
|p 3010004013
|r 2010-02-28
|t 1
|w 2010-02-28
|y BK
|z Not price in Register
|